00538cam a22001937a 4500003000500000005001700005008004100022010001000063011001000073035001000083040000900093082001600102110005100118245007300169260004400242300001100286650001200297650003500309CHAP20220329141409.0971013s1988 co a r 00010 spa d a67523 a68495 a77967 cCHAP a633.73bF44 aFederación Nacional de Cafeteros de Colombia10aCaféb: productos básicos y desarrollo económico internacional a[Bogotá] :bLa Federación,c[1988?] a186 p.14aCafé.14aCaféxAspectos económicos.